15 Largest Cities in Uganda🇺🇬 - Statistics

General Stats
  • This quiz has been taken 10 times
  • The average score is 6 of 15
Answer Stats
Population City % Correct
1.3 mil Kampala
100%
146k Gulu
57%
93k Jinja
57%
119k Lira
57%
65k Masaka
57%
97k Mbarara
57%
55k Arua
43%
62k Entebbe
43%
76k Mbale
43%
67k Mukono
43%
67k Kasese
29%
61k Njeru
29%
56k Kitgum
14%
56k Soroti
14%
79k Bwizibwera
0%
No matching quizzes found
Score Distribution
Percent of People with Each Score
Percentile by Number Answered
Your Score History
You have not taken this quiz